<?xml version='1.0' encoding='UTF-8'?>
  <record xmlns="http://www.loc.gov/MARC21/slim">
    <leader>00000ctm a2200000 i 4500</leader>
    <controlfield tag="001">on1041930187</controlfield>
    <controlfield tag="003">OCoLC</controlfield>
    <controlfield tag="005">20240127100239.6</controlfield>
    <controlfield tag="008">180626q15uu16uune            001 0 lat d</controlfield>
    <datafield tag="040" ind1=" " ind2=" ">
      <subfield code="a">QGJ</subfield>
      <subfield code="b">eng</subfield>
      <subfield code="e">rda</subfield>
      <subfield code="c">QGJ</subfield>
      <subfield code="d">OCLCA</subfield>
      <subfield code="d">QGJ</subfield>
      <subfield code="d">OCLCQ</subfield>
      <subfield code="d">OCLCO</subfield>
      <subfield code="d">OCLCQ</subfield>
      <subfield code="d">QGJ</subfield>
      <subfield code="d">OCLCO</subfield>
      <subfield code="d">OCLCL</subfield>
    </datafield>
    <datafield tag="035" ind1=" " ind2=" ">
      <subfield code="a">(OCoLC)1041930187</subfield>
    </datafield>
    <datafield tag="041" ind1="0" ind2=" ">
      <subfield code="a">lat</subfield>
      <subfield code="a">dut</subfield>
    </datafield>
    <datafield tag="100" ind1="1" ind2=" ">
      <subfield code="a">Buchell, Arend van,</subfield>
      <subfield code="d">1565-1641,</subfield>
      <subfield code="e">author.</subfield>
      <subfield code="4">aut</subfield>
    </datafield>
    <datafield tag="245" ind1="1" ind2="0">
      <subfield code="a">Miscellanea, Latine et Belgice /</subfield>
      <subfield code="c">Arend van Buchell,</subfield>
      <subfield code="f">UBU Hs. 843 (Hs 7 E 9).</subfield>
    </datafield>
    <datafield tag="264" ind1=" " ind2="0">
      <subfield code="a">[Netherlands],</subfield>
      <subfield code="c">[between approximately 1590 and 1641]</subfield>
    </datafield>
    <datafield tag="300" ind1=" " ind2=" ">
      <subfield code="a">97 leaves ;</subfield>
      <subfield code="c">198 x 148 (160 x 100) mm</subfield>
    </datafield>
    <datafield tag="336" ind1=" " ind2=" ">
      <subfield code="a">text</subfield>
      <subfield code="b">txt</subfield>
      <subfield code="2">rdacontent</subfield>
    </datafield>
    <datafield tag="337" ind1=" " ind2=" ">
      <subfield code="a">unmediated</subfield>
      <subfield code="b">n</subfield>
      <subfield code="2">rdamedia</subfield>
    </datafield>
    <datafield tag="338" ind1=" " ind2=" ">
      <subfield code="a">volume</subfield>
      <subfield code="b">nc</subfield>
      <subfield code="2">rdacarrier</subfield>
    </datafield>
    <datafield tag="340" ind1=" " ind2=" ">
      <subfield code="a">Paper</subfield>
    </datafield>
    <datafield tag="500" ind1=" " ind2=" ">
      <subfield code="a">Title derived from: P.A. Tiele, Catalogus codicum manu scriptorum Bibliothecae Universitatis Rheno-Trajectinae.</subfield>
    </datafield>
    <datafield tag="500" ind1=" " ind2=" ">
      <subfield code="a">Includes indexes (fol. 90r, 97 v.).</subfield>
    </datafield>
    <datafield tag="500" ind1=" " ind2=" ">
      <subfield code="a">Fol. 11v-12v, 21r-24v, 25v-28v, 36r-v, 40r-42v, 48r-51v, 52r, 62r-v, 64v-65v, 72r-v, 87r blank.</subfield>
    </datafield>
    <datafield tag="505" ind1="0" ind2="0">
      <subfield code="g">fol. 1v:</subfield>
      <subfield code="t">J.C. Bulingeri frases rariores --</subfield>
      <subfield code="g">fol. 2r-11r</subfield>
      <subfield code="t">Miscellanea : de servis et origine servitutis et diversarum gentium circa servos ritus et observationes --</subfield>
      <subfield code="g">fol. 13r-20v:</subfield>
      <subfield code="t">Aantekeningen omtrent de reis van Joan Berck naar Italië en zijn verblijf als Nederlands gezant te Venetië, 1623-1627 --</subfield>
      <subfield code="g">fol. 25r:</subfield>
      <subfield code="t">De numis externis --</subfield>
      <subfield code="g">fol. 29r-34v:</subfield>
      <subfield code="t">Observationes de theatro et ludis theatricis &amp; sacris --</subfield>
      <subfield code="g">fol. 35r-35v:</subfield>
      <subfield code="t">Exempla ex varijs authoribus breviter annotata libidinis punitae --</subfield>
      <subfield code="g">fol. 37r-39v:</subfield>
      <subfield code="t">De alea tessera, trocho nucibus alijsque minoribus lusibus privatorum --</subfield>
      <subfield code="g">fol. 43r-46v:</subfield>
      <subfield code="t">De Petrarcha --</subfield>
      <subfield code="g">fol. 52r:</subfield>
      <subfield code="t">De bombardis --</subfield>
      <subfield code="g">fol. 53r-61v:</subfield>
      <subfield code="t">De funeribus Romanorum --</subfield>
      <subfield code="g">fol. 63r-64r:</subfield>
      <subfield code="t">De azylis --</subfield>
      <subfield code="g">fol. 66r-71r:</subfield>
      <subfield code="t">Vita S. Willibro[r]di Archiepiscopi Traiect. &amp; Batavorum Fresorumque apostoli /</subfield>
      <subfield code="r">auctore Theofrido abbate Epternacensi (excerpta) --</subfield>
      <subfield code="g">fol. 71v:</subfield>
      <subfield code="t">Inter Cistert. Ord. mendacia referenda ex Menol. --</subfield>
      <subfield code="g">fol. 73r-82v:</subfield>
      <subfield code="t">Observationes miscellae --</subfield>
      <subfield code="g">fol. 80r-85v:</subfield>
      <subfield code="t">Martinus Dorpius Erasmo Roterodamo S. Th. professori undecunque doctissimo S.P.D. -- [Louvain, september 1514?] --</subfield>
      <subfield code="g">fol. 86r-v:</subfield>
      <subfield code="t">De inedia toleranda --</subfield>
      <subfield code="g">fol. 87v:</subfield>
      <subfield code="t">De volutaria morte --</subfield>
      <subfield code="g">fol. 88r-v, 90r-v:</subfield>
      <subfield code="t">Notitie betreffende Jans Simonsz. Torrentius --</subfield>
      <subfield code="g">fol. 89r-v, 91r-97r:</subfield>
      <subfield code="t">De coronis.</subfield>
    </datafield>
    <datafield tag="524" ind1="8" ind2=" ">
      <subfield code="a">Cite as: Universiteitsbibliotheek Utrecht Hs. 843 (Hs 7 E 9)</subfield>
    </datafield>
    <datafield tag="546" ind1=" " ind2=" ">
      <subfield code="a">Text in Latin or Dutch.</subfield>
    </datafield>
    <datafield tag="563" ind1=" " ind2=" ">
      <subfield code="a">Parchment binding.</subfield>
    </datafield>
    <datafield tag="581" ind1=" " ind2=" ">
      <subfield code="a">P.A. Tiele, Catalogus codicum manu scriptorum Bibliothecae Universitatis Rheno-Trajectinae. I. Trajecti ad Rhenum / Hagae Comitis 1887. P. 217.</subfield>
    </datafield>
    <datafield tag="581" ind1=" " ind2=" ">
      <subfield code="a">Erasmus, Opus epistolarum. Ed. P.S. Allen. Vol. 2 (Oxford 1910). p. 10-16, Ep. 304 (fol. 83r-85v).</subfield>
    </datafield>
    <datafield tag="581" ind1=" " ind2=" ">
      <subfield code="a">J. Pollmann, Een andere weg naar God. De reformatie van Arnoldus Buchelius (1565-1641). Amsterdam 2000 (ook verschenen als proefschrift UvA: Another road to God, [s.n] 1998, ook verschenen als: Religious choice in the Dutch Republic. The reformation of Arnoldus Buchelius (1565-1641), Manchester 1999).</subfield>
    </datafield>
    <datafield tag="581" ind1=" " ind2=" ">
      <subfield code="a">J. Schlueter, 'Sleuthing de Witt's Swan. New (and old) directions for research', p. 22.</subfield>
    </datafield>
    <datafield tag="600" ind1="1" ind2="4">
      <subfield code="a">Berck, Johan,</subfield>
      <subfield code="c">1565-1627.</subfield>
      <subfield code="0">(isni)0000000358887727</subfield>
    </datafield>
    <datafield tag="600" ind1="1" ind2="4">
      <subfield code="a">Petrarca, Francesco,</subfield>
      <subfield code="d">1304-1374.</subfield>
    </datafield>
    <datafield tag="600" ind1="0" ind2="4">
      <subfield code="a">Willibrord,</subfield>
      <subfield code="c">Saint,</subfield>
      <subfield code="d">658?-739.</subfield>
    </datafield>
    <datafield tag="600" ind1="1" ind2="4">
      <subfield code="a">Torrentius, Johannes Symoonisz.,</subfield>
      <subfield code="d">1589-1644.</subfield>
    </datafield>
    <datafield tag="700" ind1="1" ind2=" ">
      <subfield code="a">Dorpius, Martinus,</subfield>
      <subfield code="d">1485-1525,</subfield>
      <subfield code="e">correspondent.</subfield>
      <subfield code="4">crp</subfield>
    </datafield>
    <datafield tag="700" ind1="1" ind2=" ">
      <subfield code="a">Erasmus, Desiderius,</subfield>
      <subfield code="d">-1536,</subfield>
      <subfield code="e">correspondent.</subfield>
      <subfield code="4">crp</subfield>
    </datafield>
    <datafield tag="700" ind1="0" ind2=" ">
      <subfield code="i">Digest of (work):</subfield>
      <subfield code="a">Thiofrid,</subfield>
      <subfield code="c">Abbot of Echternach,</subfield>
      <subfield code="d">-1110.</subfield>
      <subfield code="t">Vita Willibrordi.</subfield>
    </datafield>
    <datafield tag="710" ind1="2" ind2=" ">
      <subfield code="a">Universiteit Utrecht.</subfield>
      <subfield code="b">Bibliotheek.</subfield>
      <subfield code="k">Manuscript</subfield>
      <subfield code="n">Hs. 843 (Hs 7 E 9)</subfield>
    </datafield>
    <datafield tag="758" ind1=" " ind2=" ">
      <subfield code="i">has work:</subfield>
      <subfield code="a">Miscellanea, Latine et Belgice UBU Hs. 843 (Hs 7 E 9) (Text)</subfield>
      <subfield code="1">https://id.oclc.org/worldcat/entity/E39PCGKDkF7PJYfFr87jcVCpHd</subfield>
      <subfield code="4">https://id.oclc.org/worldcat/ontology/hasWork</subfield>
    </datafield>
  </record>